000 00294nam a2200121Ia 4500
008 230724s9999 xx und d
020 _a9780140513233
041 _aeng
100 _aFLEMINGO CLOHN
245 _aDICTIONARY OF ARCHITECTURE
260 _bPENGUIN BOOKS LTD
300 _aVII+645
999 _c1176125
_d1176125